Heat and thermodynamics / (Record no. 54688)

MARC details
000 -LEADER
fixed length control field 00987nam a22002897a 4500
005 - DATE AND TIME OF LATEST TRANSACTION
control field 20110802140127.0
008 - FIXED-LENGTH DATA ELEMENTS--GENERAL INFORMATION
fixed length control field 110802t xxu||||| |||| 00| 0 eng d
010 ## - LCCN (DPL NO)
LC control number ENG-103191
020 ## - INTERNATIONAL STANDARD BOOK NUMBER
International Standard Book Number 9780070700352
Terms of availability 350.00
020 ## - INTERNATIONAL STANDARD BOOK NUMBER
International Standard Book Number 070700354
Terms of availability 350.00
035 ## - SYSTEM CONTROL NUMBER
System control number EN-86724
037 ## - SOURCE OF ACQUISITION
Source of stock number/acquisition DBAD / PUB
040 ## - CATALOGING SOURCE
Original cataloging agency dpl
Language of cataloging English
082 ## - DEWEY DECIMAL CLASSIFICATION NUMBER
Classification number 536
100 ## - MAIN ENTRY--PERSONAL NAME
9 (RLIN) 29868
Personal name Zemansky, Mark W.
245 ## - TITLE STATEMENT
Title Heat and thermodynamics /
Statement of responsibility, etc by Mark W. Zemansky [and] Richard H. Dittman ; adapted by Amit K. Chattopadhyay
250 ## - EDITION STATEMENT
Edition statement 8th ed
260 ## - PUBLICATION, DISTRIBUTION, ETC. (IMPRINT)
Place of publication, distribution, etc New Delhi
Name of publisher, distributor, etc Tata McGraw Hill
Date of publication, distribution, etc 2011
270 ## - ADDRESS
Address 7, West Patel Nagar
City New Delhi
Postal code 110002
300 ## - PHYSICAL DESCRIPTION
Extent xxv,507p.
Dimensions 23cm (pbk)
500 ## - GENERAL NOTE
General note Includes bibliographical references and index
650 ## - SUBJECT ADDED ENTRY--TOPICAL TERM
9 (RLIN) 29869
651 ## - SUBJECT ADDED ENTRY--GEOGRAPHIC NAME
9 (RLIN) 1549
700 ## - ADDED ENTRY--PERSONAL NAME
9 (RLIN) 29871
Personal name Dittman, Richard H.
942 ## - ADDED ENTRY ELEMENTS (KOHA)
Source of classification or shelving scheme Dewey Decimal Classification
Item type English Books
Classification part 536
Call number suffix ZEM
Holdings
Withdrawn status Lost status Source of classification or shelving scheme Damaged status Not for loan Collection code Home library Current library Date acquired Source of acquisition Cost, normal purchase price Total Checkouts Full call number Barcode Date last seen Copy number Cost, replacement price Koha item type
    Dewey Decimal Classification   Not For Loan Non-fiction D.B.Act.Division D.B.Act.Division 02/08/2011 DBAD/PUB 350.00   536 ZEM EN-86724 02/08/2011 1 350.00 English Books

© Delhi Public Library
Hit Counter
free hit counter